| 000 | 00412cam a2200169ua 4500 | ||
|---|---|---|---|
| 020 | _c3.00 | ||
| 041 |
_amal _h |
||
| 082 |
_a894.812308 _bKUS/NA |
||
| 100 | _aKuznetsov, Analtoy . | ||
| 245 |
_aNavothanam / _cAnaltoy Kuznetsov. _hTextual Documents |
||
| 260 |
_aEranakulam : _bC I C C Book House , _c1962. |
||
| 300 | _a294 ; . | ||
| 365 | _a3.00 | ||
| 504 | _a | ||
| 942 | _cBK | ||
| 999 |
_c4243 _d4243 |
||